书目信息 |
| 题名: |
康乐业规范服务图解手册
|
|
| 作者: | 凌一 郭江娟 编著 | |
| 分册: | ||
| 出版信息: | 深圳 海天出版社 2007.10 |
|
| 页数: | ||
| 开本: | 32开 | |
| 丛书名: | ||
| 单 册: | ||
| 中图分类: | F719.5-64 | |
| 科图分类: | ||
| 主题词: | 商业经济--国内 | |
| 电子资源: | ||
| ISBN: | 978-7-80697-909-9 | |
| 000 | 00585nam0 2200181 450 | |
| 001 | 0736196517 | |
| 005 | 20070924100316.51 | |
| 010 | @a978-7-80697-909-9@d¥25.00 | |
| 100 | @a20070924d km y0chiy0120 ea | |
| 101 | 0 | @achi |
| 200 | 1 | @a康乐业规范服务图解手册@Akang yue ye gui fan fu wu tu jie shou ce@f凌一 郭江娟 编著@Fling yi guo jiang juan bian zhu |
| 210 | @a深圳@c海天出版社@d2007.10 | |
| 215 | @d32开 | |
| 606 | 0 | @a商业经济@x国内 |
| 690 | @aF719.5-64@v3 | |
| 701 | 0 | @a凌一 郭江娟@Aling yi guo jiang juan@4编著 |
| 801 | 0 | @aCN@bPFT@c20070924 |
| 905 | @a213230@dF719.5-64@eZY55@f1 | |
| 康乐业规范服务图解手册/凌一 郭江娟 编著.-深圳:海天出版社,2007.10 |
| 32开 |
| ISBN 978-7-80697-909-9:¥25.00 |
| ● |
| 相关链接 |
|
|
|
|
正题名:康乐业规范服务图解手册
索取号:F719.5-64/ZY55
 
预约/预借
| 序号 | 登录号 | 条形码 | 馆藏地/架位号 | 状态 | 备注 |
| 1 | 7902291 | 279022914 | 密集书库-资源管理系/ [索取号:F719.5-64/ZY55] | 在馆 |